| 000 | 00348 a2200133 4500 | ||
|---|---|---|---|
| 001 | 92986 | ||
| 082 | _aPR 2443 | ||
| 090 |
_c44622 _d44623 |
||
| 100 | _aArif,Prof Shafqat(Advisor) | ||
| 245 |
_aMicrocontroller Based Moving Message Display Unit _n62'B' EC |
||
| 260 |
_aIslamabad _bNUST _c2007 |
||
| 300 | _aviii,55p. | ||
| 500 | _aBE Project Report | ||
| 942 |
_aCAE NUST _kPR 2443 |
||
| 999 |
_c328059 _d328059 |
||